书目信息 |
| 题名: |
你时尚了吗?
|
|
| 作者: | 罗灿 主编 | |
| 分册: | ||
| 出版信息: | 长沙 湖南人民出版社 2009.04 |
|
| 页数: | 149页 | |
| 开本: | 24cm | |
| 丛书名: | 生活解释学书系 | |
| 单 册: | ||
| 中图分类: | B834.3 | |
| 科图分类: | ||
| 主题词: | 生活--sheng huo--美学--通俗读物 | |
| 电子资源: | ||
| ISBN: | 978-7-5438-5673-8 | |
| 000 | 00848nam 2200253 450 | |
| 001 | 012009840409 | |
| 005 | 20090623090848.31 | |
| 010 | @a978-7-5438-5673-8@dCNY32.00 | |
| 100 | @a20090623d2009 em y0chi0120 ea | |
| 101 | 0 | @achi |
| 102 | @aCN@b430000 | |
| 105 | @aa z 000yy | |
| 106 | @ar | |
| 200 | 1 | @a你时尚了吗?@Ani shi shang le ma?@f罗灿主编@Fluo can zhu bian |
| 210 | @a长沙@c湖南人民出版社@d2009.04 | |
| 215 | @a149页@c图@d24cm | |
| 225 | 2 | @a生活解释学书系@Asheng huo jie shi xue shu xi |
| 330 | @a本书的主要内容包括:时尚的解释、时尚的政治因素、旧时时尚、流动的百年时尚、古代妇女用什么化妆品、流行文化和时尚等。 | |
| 410 | 0 | @12001 @a生活解释学书系 |
| 606 | 0 | @a生活@Asheng huo@x美学@j通俗读物 |
| 690 | @aB834.3@v4 | |
| 701 | 0 | @a罗灿@Aluo can@4主编 |
| 801 | 0 | @aCN@bQSSK@c20090623 |
| 905 | @b747836-38@dB834.3@eL935@f3 | |
| 你时尚了吗?/罗灿主编.-长沙:湖南人民出版社,2009.04 |
| 149页:图;24cm.-(生活解释学书系) |
| ISBN 978-7-5438-5673-8:CNY32.00 |
| 本书的主要内容包括:时尚的解释、时尚的政治因素、旧时时尚、流动的百年时尚、古代妇女用什么化妆品、流行文化和时尚等。 |
| ● |
| 相关链接 |
|
|
|
正题名:你时尚了吗?
索取号:B834.3/L935
 
预约/预借
| 序号 | 登录号 | 条形码 | 馆藏地/架位号 | 状态 | 备注 |
| 1 | 747836 | 207478362 | 社科库509/509社科库 33排4列4层/ [索取号:B834.3/L935] | 在馆 | |
| 2 | 747837 | 207478371 | 社科库509/509社科库 33排4列4层/ [索取号:B834.3/L935] | 在馆 | |
| 3 | 747838 | 207478380 | 社科库509/509社科库 33排4列4层/ [索取号:B834.3/L935] | 在馆 |